Babani so tilvari tak / (Record no. 3678)
[ view plain ]
| 000 -LEADER | |
|---|---|
| fixed length control field | 00296cam a2200133ua 4500 |
| 041 ## - LANGUAGE CODE | |
| Language code of text/sound track or separate title | hin |
| 082 ## - DEWEY DECIMAL CLASSIFICATION NUMBER | |
| Classification number | 891.43 |
| Item number | DEV/BA |
| 100 ## - MAIN ENTRY--AUTHOR NAME | |
| Personal name | Devaki, Dad . |
| 245 ## - TITLE STATEMENT | |
| Title | Babani so tilvari tak / |
| 300 ## - PHYSICAL DESCRIPTION | |
| Number of Pages | 32 ; . |
| 942 ## - ADDED ENTRY ELEMENTS (KOHA) | |
| Koha item type | Books |
| Withdrawn status | Lost status | Damaged status | Home library | Current library | Date acquired | Full call number | Accession Number | Koha item type |
|---|---|---|---|---|---|---|---|---|
| Withdrawn | KAUAET | Sanskrit University | 07/04/2012 | 891.43 | 10558 | Books |
